00453nam a2200181Ia 4500008004100000020001800041050001400059100001900073245003500092245004500127260001500172260001600187260000900203300001400212300002700226300001000253500000800263170918s9999 xx 000 0 und d a9780545211239 bC947 2006 aCronin, Doreen aClick, clack, splish, splash / cDoreen Cronin ; pictures by Betsy Lewin. aNew York : bScholastic, c2006 aunpaged : bcolored illustration ; c23cm. a300